[Event "BL2-Nord 1617"]
[Site "Germany"]
[Date "2017.03.19"]
[Round "7.5"]
[White "Scheerer, Christoph"]
[Black "Wlodarczyk, Oskar"]
[Result "1-0"]
[WhiteElo "2357"]
[BlackElo "2285"]
[PlyCount "109"]
[EventDate "2016.10.16"]
[EventType "team-tourn"]
[EventRounds "9"]
[EventCountry "GER"]
[SourceTitle "EXT 2018"]
[Source "ChessBase"]
[SourceDate "2017.10.13"]
[SourceVersion "1"]
[SourceVersionDate "2017.10.13"]
[SourceQuality "1"]
[WhiteTeam "Hamburger SK II"]
[BlackTeam "Ruedersdorf"]
[WhiteTeamCountry "GER"]
[BlackTeamCountry "GER"]

1. c4 Nf6 2. g3 g6 3. Bg2 Bg7 4. Nc3 c5 5. e3 0-0 6. Nge2 d6 7. 0-0 Nbd7 8. d4 Rb8 9. Rb1 a6 10. a4 b6 11. h3 Qc7 12. b3 Bb7 13. d5 Bc8 14. e4 Ne8 15. Bg5 Ndf6 16. Qd2 Bd7 17. f4 h6 18. Bh4 b5 19. axb5 axb5 20. g4 bxc4 21. bxc4 Rb4 22. Qd3 Kh8 23. Rxb4 cxb4 24. Nb5 Qa5 25. Ned4 Nc7 26. Nb3 Qb6+ 27. Bf2 Qb8 28. Nxc7 Qxc7 29. c5 dxc5 30. Nxc5 Bxg4 31. hxg4 Qxf4 32. Be1 Qxg4 33. Bxb4 Rc8 34. Qh3 Rb8 35. Bc3 Qxh3 36. Bxh3 Rb5 37. Bxf6 Bxf6 38. Nd3 Bd4+ 39. Kg2 Kg7 40. Bd7 Rb3 41. Rf3 f6 42. Be8 g5 43. Kh3 Rb1 44. Kg4 Kf8 45. Bh5 Rh1 46. Rh3 Rf1 47. Bg6 Kg7 48. Bf5 Rd1 49. Nb4 Rg1+ 50. Kh5 Kf7 51. Nc6 Bc5 52. Nd8+ Ke8 53. Ne6 Bd6 54. Kg6 g4 55. Rc3 1-0

[Event "Fredericia"]
[Site "Fredericia"]
[Date "2016.05.06"]
[Round "5"]
[White "Matthiesen, Martin"]
[Black "Scheerer, Christoph"]
[Result "1/2-1/2"]
[WhiteElo "2339"]
[BlackElo "2363"]
[PlyCount "76"]
[EventDate "2016.05.04"]
[EventType "tourn"]
[EventRounds "9"]
[EventCountry "DEN"]
[EventCategory "4"]
[SourceTitle "CBM 172 Extra"]
[Source "ChessBase"]
[SourceDate "2016.06.21"]
[SourceVersion "1"]
[SourceVersionDate "2016.06.21"]
[SourceQuality "1"]

1. d4 d5 2. c4 Nc6 3. Nf3 Bg4 4. Nc3 e6 5. cxd5 exd5 6. Bf4 Bxf3 7. gxf3 Bd6 8. Bxd6 Qxd6 9. e3 Nge7 10. Bd3 0-0 11. f4 f5 12. 0-0 Nb8 13. Kh1 Nd7 14. Qc2 c6 15. Rg1 Kh8 16. Rac1 g6 17. Na4 Rab8 18. Nc5 Nxc5 19. Qxc5 Qxc5 20. Rxc5 Kg7 21. Rgc1 Kf6 22. Kg2 Ke6 23. h4 h5 24. Kf3 Kd6 25. Ra5 Ra8 26. Rac5 Rfc8 27. Rg1 Rc7 28. Rcc1 b6 29. Rcd1 Ke6 30. Rd2 c5 31. dxc5 bxc5 32. b3 Rb8 33. Rc2 Rb4 34. Rgc1 Kd6 35. Rc3 Rc6 36. Rd1 Ke6 37. Rdc1 Kd6 38. Rd1 Ke6 1/2-1/2

[Event "BL2-Nord 1516"]
[Site "Germany"]
[Date "2015.09.20"]
[Round "1.3"]
[White "Scheerer, Christoph"]
[Black "Dudzinski, Piotr"]
[Result "1/2-1/2"]
[WhiteElo "2371"]
[BlackElo "2386"]
[PlyCount "42"]
[EventDate "2015.09.19"]
[EventType "team-tourn"]
[EventRounds "9"]
[EventCountry "GER"]
[SourceTitle "EXT 2017"]
[Source "ChessBase"]
[SourceDate "2016.10.25"]
[SourceVersion "1"]
[SourceVersionDate "2016.10.25"]
[SourceQuality "1"]
[WhiteTeam "Hamburger SK II"]
[BlackTeam "Ruedersdorf"]
[WhiteTeamCountry "GER"]
[BlackTeamCountry "GER"]

1. e4 e6 2. d3 d5 3. Qe2 dxe4 4. dxe4 c5 5. Nf3 Nc6 6. Nbd2 Nf6 7. g3 Be7 8. Bg2 0-0 9. 0-0 b6 10. e5 Nd5 11. Rd1 b5 12. Qxb5 Ncb4 13. c3 Ba6 14. Qa4 Nb6 15. Qb3 Nc6 16. Ne4 Qc7 17. Bg5 Be2 18. Re1 Bxf3 19. Bxe7 Qxe7 20. Bxf3 Nxe5 21. Be2 Rab8 1/2-1/2

[Event "Bargteheide op"]
[Site "Bargteheide"]
[Date "2014.05.31"]
[Round "6"]
[White "Scheerer, Christoph"]
[Black "Jahncke, Giso"]
[Result "1-0"]
[WhiteElo "2362"]
[BlackElo "2234"]
[PlyCount "97"]
[EventDate "2014.05.29"]
[EventType "swiss"]
[EventRounds "7"]
[EventCountry "GER"]
[SourceTitle "CBM 160 Extra"]
[Source "ChessBase"]
[SourceDate "2014.07.01"]
[SourceVersion "1"]
[SourceVersionDate "2014.07.01"]
[SourceQuality "1"]

1. c4 c5 2. g3 g6 3. Bg2 Bg7 4. e3 Nc6 5. Ne2 e6 6. Nbc3 Nge7 7. d4 cxd4 8. Nxd4 Nxd4 9. exd4 d5 10. cxd5 Nxd5 11. Qb3 0-0 12. Nxd5 exd5 13. Be3 Qa5+ 14. Qc3 Qb5 15. a4 Qc6 16. 0-0 Be6 17. Qd2 Rfc8 18. Rfc1 Qd7 19. Qa5 a6 20. Rc3 Bf6 21. Rac1 Bd8 22. Qb4 Rxc3 23. bxc3 a5 24. Qb3 Rc8 25. Bf1 Bf5 26. f3 g5 27. Bb5 Qd6 28. c4 dxc4 29. Bxc4 Rc7 30. Qb5 Bd7 31. Qxa5 Be6 32. Qb5 Qa3 33. Bxg5 Rxc4 34. Rxc4 Bxc4 35. Qe8+ Kg7 36. Qxd8 Qa1+ 37. Kf2 Qf1+ 38. Ke3 Qd3+ 39. Kf4 Qd2+ 40. Kg4 f5+ 41. Kxf5 Qc2+ 42. Kg4 Be6+ 43. Kf4 Qf5+ 44. Ke3 Bd5 45. Bf4 Kf7 46. Qc7+ Kg8 47. a5 Bc6 48. Qe5 Qc2 49. Qe6+ 1-0

[Event "Bargteheide op"]
[Site "Bargteheide"]
[Date "2014.05.30"]
[Round "4"]
[White "Scheerer, Christoph"]
[Black "Kramer, Julian"]
[Result "1-0"]
[WhiteElo "2362"]
[BlackElo "2129"]
[PlyCount "75"]
[EventDate "2014.05.29"]
[EventType "swiss"]
[EventRounds "7"]
[EventCountry "GER"]
[SourceTitle "CBM 160 Extra"]
[Source "ChessBase"]
[SourceDate "2014.07.01"]
[SourceVersion "1"]
[SourceVersionDate "2014.07.01"]
[SourceQuality "1"]

1. c4 Nf6 2. g3 c6 3. b3 d5 4. Bb2 Bf5 5. Nf3 Nbd7 6. Bg2 e6 7. 0-0 h6 8. d3 Be7 9. Nbd2 0-0 10. Qc2 Bh7 11. a3 a5 12. Bc3 Qb8 13. Qb2 Bd6 14. b4 axb4 15. axb4 Rxa1 16. Rxa1 e5 17. cxd5 Nxd5 18. Nc4 Nxc3 19. Qxc3 Bc7 20. Nfd2 Nb6 21. Ne3 Rd8 22. Qb3 Bd6 23. Ndc4 Nxc4 24. Nxc4 Re8 25. b5 e4 26. dxe4 Bxe4 27. Bxe4 Rxe4 28. Nxd6 Qxd6 29. Ra8+ Kh7 30. bxc6 bxc6 31. Qxf7 Re7 32. Qf5+ g6 33. Qc2 c5 34. Qb3 Re6 35. h4 c4 36. Qb7+ Qe7 37. Qc8 Rxe2 38. Qh8# 1-0

[Event "Bargteheide op"]
[Site "Bargteheide"]
[Date "2014.05.29"]
[Round "1"]
[White "Neitzel, Mirko"]
[Black "Scheerer, Christoph"]
[Result "0-1"]
[WhiteElo "2012"]
[BlackElo "2362"]
[PlyCount "70"]
[EventDate "2014.05.29"]
[EventType "swiss"]
[EventRounds "7"]
[EventCountry "GER"]
[SourceTitle "CBM 160 Extra"]
[Source "ChessBase"]
[SourceDate "2014.07.01"]
[SourceVersion "1"]
[SourceVersionDate "2014.07.01"]
[SourceQuality "1"]

1. c4 b6 2. Nf3 Bb7 3. Nc3 e6 4. e3 f5 5. d4 Nf6 6. Bd3 Bb4 7. Bd2 0-0 8. 0-0 Bxc3 9. Bxc3 Ne4 10. Rc1 d6 11. b3 Nd7 12. Bb2 Qe8 13. Nd2 Nxd2 14. Qxd2 Qh5 15. Qe2 Qh4 16. f3 Rf6 17. g3 Rg6 18. d5 Rf8 19. e4 f4 20. e5 Rg5 21. dxe6 Nc5 22. Be4 Bxe4 23. fxe4 Nxe6 24. exd6 fxg3 25. Rxf8+ Kxf8 26. Qf3+ Ke8 27. d7+ Kd8 28. Bf6+ gxf6 29. Qxf6+ Kxd7 30. Rd1+ Kc8 31. Qxe6+ Kb7 32. h3 Qf4 33. Rf1 Qe3+ 34. Kg2 Qe2+ 35. Kg1 Qh2# 0-1

[Event "Bargteheide op"]
[Site "Bargteheide"]
[Date "2014.05.29"]
[Round "2"]
[White "Scheerer, Christoph"]
[Black "Voelzke, Ferdinand"]
[Result "1/2-1/2"]
[WhiteElo "2362"]
[BlackElo "2172"]
[PlyCount "30"]
[EventDate "2014.05.29"]
[EventType "swiss"]
[EventRounds "7"]
[EventCountry "GER"]
[SourceTitle "CBM 160 Extra"]
[Source "ChessBase"]
[SourceDate "2014.07.01"]
[SourceVersion "1"]
[SourceVersionDate "2014.07.01"]
[SourceQuality "1"]

1. c4 e5 2. g3 c6 3. d4 Bb4+ 4. Bd2 Bxd2+ 5. Qxd2 d6 6. Nc3 Qe7 7. dxe5 dxe5 8. Ne4 Na6 9. Nd6+ Kf8 10. Nxc8 Rxc8 11. 0-0-0 Nf6 12. e3 g6 13. Bh3 Re8 14. Nf3 Kg7 15. Rhf1 Rd8 1/2-1/2

[Event "Hamburg St Pauli op-A"]
[Site "Hamburg"]
[Date "2013.07.06"]
[Round "1"]
[White "Scheerer, Christoph"]
[Black "Duemmke, Juergen"]
[Result "1-0"]
[WhiteElo "2373"]
[BlackElo "2028"]
[PlyCount "33"]
[EventDate "2013.07.06"]
[EventType "swiss"]
[EventRounds "9"]
[EventCountry "GER"]
[SourceTitle "CBM 155 Extra"]
[Source "ChessBase"]
[SourceDate "2013.08.26"]
[SourceVersion "1"]
[SourceVersionDate "2013.08.26"]
[SourceQuality "1"]

1. c4 Nf6 2. g3 e6 3. Nf3 d5 4. b3 Be7 5. Bg2 0-0 6. 0-0 c6 7. Bb2 a5 8. d3 Nbd7 9. Nbd2 a4 10. Qc2 Re8 11. e4 dxe4 12. dxe4 Nc5 13. e5 Qd3 14. Qxd3 Nxd3 15. exf6 Bxf6 16. Bxf6 gxf6 17. Ne4 1-0

[Event "Bargteheide op"]
[Site "Bargteheide"]
[Date "2013.05.11"]
[Round "5"]
[White "Ritscher, Jan Paul"]
[Black "Scheerer, Christoph"]
[Result "1-0"]
[WhiteElo "2316"]
[BlackElo "2368"]
[PlyCount "69"]
[EventDate "2013.05.09"]
[EventType "swiss"]
[EventRounds "7"]
[EventCountry "GER"]
[SourceTitle "CBM 154 Extra"]
[Source "ChessBase"]
[SourceDate "2013.06.25"]
[SourceVersion "2"]
[SourceVersionDate "2013.06.25"]
[SourceQuality "1"]

1. e4 g6 2. d4 Bg7 3. Nc3 d6 4. h3 Nd7 5. g3 Ngf6 6. Bg2 0-0 7. Nge2 Rb8 8. a4 c5 9. d5 b6 10. 0-0 a6 11. Rb1 b5 12. axb5 Qa5 13. bxa6 Bxa6 14. Bd2 Ne8 15. b3 c4 16. Ra1 Qb6 17. b4 Nc7 18. Na4 Qb5 19. c3 f5 20. f3 e6 21. dxe6 Nxe6 22. Be3 fxe4 23. fxe4 Rxf1+ 24. Kxf1 Qe5 25. Nb2 Bb5 26. Kg1 Nf6 27. Ra5 Nxe4 28. Ba7 Nxg3 29. Nxg3 Qxg3 30. Bf2 Qxc3 31. Qxd6 Qe5 32. Nxc4 Qxd6 33. Nxd6 Nd4 34. Bd5+ Kh8 35. Nf7+ 1-0

[Event "Bargteheide op"]
[Site "Bargteheide"]
[Date "2013.05.10"]
[Round "3"]
[White "Wobbe, Sven"]
[Black "Scheerer, Christoph"]
[Result "0-1"]
[WhiteElo "2171"]
[BlackElo "2368"]
[PlyCount "62"]
[EventDate "2013.05.09"]
[EventType "swiss"]
[EventRounds "7"]
[EventCountry "GER"]
[SourceTitle "CBM 154 Extra"]
[Source "ChessBase"]
[SourceDate "2013.06.25"]
[SourceVersion "2"]
[SourceVersionDate "2013.06.25"]
[SourceQuality "1"]

1. e4 e6 2. d4 d5 3. Nc3 Nc6 4. Nf3 Nf6 5. Bg5 Be7 6. e5 Ne4 7. Bxe7 Qxe7 8. a3 f6 9. exf6 Qxf6 10. Bd3 Nd6 11. 0-0 Bd7 12. Na4 0-0-0 13. c3 Be8 14. Nc5 Bh5 15. Be2 Rdf8 16. a4 Qh6 17. b4 b6 18. Ne5 Nxe5 19. dxe5 Bxe2 20. Qxe2 Nc4 21. Nd3 g5 22. b5 g4 23. a5 bxa5 24. Nb2 Nd2 25. b6 axb6 26. Qa6+ Kd8 27. Rfd1 Rhg8 28. c4 Nf3+ 29. gxf3 gxf3+ 30. Kf1 Qxh2 31. Ke1 Qxe5+ 0-1

[Event "Bargteheide op"]
[Site "Bargteheide"]
[Date "2013.05.09"]
[Round "1"]
[White "Kurth, Michael"]
[Black "Scheerer, Christoph"]
[Result "0-1"]
[WhiteElo "2001"]
[BlackElo "2368"]
[PlyCount "108"]
[EventDate "2013.05.09"]
[EventType "swiss"]
[EventRounds "7"]
[EventCountry "GER"]
[SourceTitle "CBM 154 Extra"]
[Source "ChessBase"]
[SourceDate "2013.06.25"]
[SourceVersion "2"]
[SourceVersionDate "2013.06.25"]
[SourceQuality "1"]

1. e4 Nc6 2. d4 d5 3. e5 f6 4. f4 Bf5 5. c3 Nh6 6. Bd3 Qd7 7. Nf3 Be4 8. Qe2 f5 9. b3 e6 10. a4 Be7 11. Bd2 Nd8 12. b4 Ndf7 13. h4 g6 14. a5 a6 15. Na3 Ng4 16. Nc2 h6 17. Ne3 Nxe3 18. Qxe3 0-0-0 19. 0-0-0 Rdg8 20. Qe2 Qd8 21. g3 g5 22. hxg5 hxg5 23. Rxh8 Rxh8 24. Rg1 Rh3 25. Bxe4 dxe4 26. Ne1 Qd5 27. Kb2 Bxb4 28. Qg2 e3 29. Qxd5 exd5 30. Bxe3 gxf4 31. Bxf4 Bxa5 32. e6 Nd6 33. Nf3 Ne4 34. Ng5 Bxc3+ 35. Kb3 Nxg5 36. e7 Rh8 37. Bxg5 Bxd4 38. Rf1 Re8 39. Rxf5 Bc5 40. Rxd5 Bxe7 41. Bf4 Rd8 42. Rf5 Bd6 43. Kc4 b5+ 44. Kb3 Kb7 45. Rd5 Kc6 46. Rd2 a5 47. g4 a4+ 48. Ka2 b4 49. Rc2+ Kb6 50. Rd2 Kc6 51. Rc2+ Kb5 52. Rd2 b3+ 53. Kb2 Be5+ 54. Ka3 Bxf4 0-1

[Event "BL2-Nord 1112"]
[Site "Germany"]
[Date "2012.02.26"]
[Round "7.3"]
[White "Michna, Marta"]
[Black "Scheerer, Christoph"]
[Result "1-0"]
[WhiteElo "2396"]
[BlackElo "2394"]
[PlyCount "105"]
[EventDate "2011.10.02"]
[EventType "team-tourn"]
[EventRounds "9"]
[EventCountry "GER"]
[SourceTitle "EXT 2015"]
[Source "ChessBase"]
[SourceDate "2014.11.20"]
[SourceVersion "1"]
[SourceVersionDate "2014.11.20"]
[SourceQuality "1"]
[WhiteTeam "Norderstedt"]
[BlackTeam "Luebeck"]
[WhiteTeamCountry "GER"]
[BlackTeamCountry "GER"]

1. Nf3 Nc6 2. d3 d5 3. g3 e5 4. Bg2 f6 5. 0-0 Be6 6. a4 Qd7 7. c3 a5 8. Na3 Bxa3 9. Rxa3 Bh3 10. Qb3 Bxg2 11. Kxg2 Nge7 12. e4 0-0-0 13. Qb5 dxe4 14. dxe4 Qd3 15. Re1 b6 16. c4 Qd6 17. c5 Qxc5 18. Qxc5 bxc5 19. Be3 Nb4 20. Rc3 Nd3 21. Re2 Rd7 22. Ne1 c4 23. Rxc4 Nxe1+ 24. Rxe1 Kb7 25. Rec1 Ra8 26. Rc5 c6 27. R1c3 Ra6 28. Rb3+ Ka8 29. Rc2 g5 30. Bc5 Ng8 31. Rcc3 Ne7 32. Rd3 Rxd3 33. Rxd3 Nc8 34. Rd8 Kb7 35. Rd7+ Kb8 36. Rxh7 Nb6 37. b3 Kc8 38. h4 gxh4 39. gxh4 Nd7 40. Be3 c5 41. h5 f5 42. exf5 Rf6 43. h6 Rxf5 44. Rh8+ Kc7 45. Ra8 Rh5 46. Rxa5 Kb7 47. Rb5+ Kc6 48. Kf3 Rh4 49. Bg5 e4+ 50. Kg3 Rh5 51. Kg4 Rh2 52. Be3 Kd6 53. Bf4+ 1-0

[Event "Luebeck"]
[Site "Luebeck"]
[Date "2011.04.29"]
[Round "5"]
[White "Scheerer, Christoph"]
[Black "Epishin, Vladimir"]
[Result "0-1"]
[WhiteElo "2422"]
[BlackElo "2567"]
[PlyCount "80"]
[EventDate "2011.04.25"]
[EventType "tourn"]
[EventRounds "9"]
[EventCountry "GER"]
[EventCategory "6"]
[SourceTitle "CBM 142 Extra"]
[Source "ChessBase"]
[SourceDate "2011.06.27"]
[SourceVersion "1"]
[SourceVersionDate "2011.06.27"]
[SourceQuality "1"]

1. d4 Nf6 2. Nc3 d5 3. e4 Nxe4 4. Nxe4 dxe4 5. Be3 c6 6. Bc4 Nd7 7. Qh5 g6 8. Qh4 Qa5+ 9. c3 Nf6 10. f3 Qh5 11. Qxh5 gxh5 12. fxe4 Nxe4 13. Nf3 Nd6 14. Bb3 Bf5 15. 0-0 e6 16. Ne5 Bg7 17. Bf4 0-0-0 18. Bd1 h4 19. Nf3 h3 20. g3 Bf6 21. Ne5 h5 22. Bf3 Bxe5 23. Bxe5 Rh7 24. Bf6 Rg8 25. Kf2 Be4 26. Be5 Bxf3 27. Bxd6 Bg2 28. Rfe1 h4 29. Re3 Kd7 30. Bf4 Rh5 31. Re5 hxg3+ 32. Bxg3 Rh6 33. Re3 Rg4 34. Be5 Rh5 35. b3 f6 36. Bg3 Be4 37. Re2 Rf5+ 38. Kg1 Rf3 39. Rf2 Rxc3 40. Rxf6 Rc2 0-1

[Event "BL2-Nord 1011"]
[Site "Germany"]
[Date "2011.02.06"]
[Round "6.2"]
[White "Scheerer, Christoph"]
[Black "Schmidt Schaeffer, Sebastian"]
[Result "1/2-1/2"]
[WhiteElo "2422"]
[BlackElo "2408"]
[PlyCount "120"]
[EventDate "2010.10.10"]
[EventType "team-tourn"]
[EventRounds "9"]
[EventCountry "GER"]
[SourceTitle "EXT 2012"]
[Source "ChessBase"]
[SourceDate "2011.11.24"]
[SourceVersion "1"]
[SourceVersionDate "2011.11.24"]
[SourceQuality "1"]
[WhiteTeam "Luebeck"]
[BlackTeam "Kreuzberg"]
[WhiteTeamCountry "GER"]
[BlackTeamCountry "GER"]

1. Nc3 d6 2. Nf3 e5 3. d4 Nd7 4. g3 Ngf6 5. Bg2 Be7 6. 0-0 c6 7. a4 e4 8. Nh4 Nb6 9. Nxe4 Nxe4 10. Bxe4 Bxh4 11. gxh4 Qxh4 12. Qd3 Bh3 13. Re1 0-0 14. Bh1 Rfe8 15. Qg3 Qh5 16. Bf3 Qg6 17. Bf4 Re6 18. Qxg6 Rxg6+ 19. Kh1 Re8 20. b3 Nd5 21. Bd2 Nf6 22. Bf4 Ne4 23. Be3 Ng5 24. Bxg5 Rxg5 25. Rg1 Rxg1+ 26. Kxg1 Bf5 27. Rc1 Be4 28. Bg4 f5 29. Bh3 f4 30. f3 Bg6 31. Kf2 a5 32. Ke1 Kf7 33. Kd2 Kf6 34. Rg1 Bf7 35. Rb1 c5 36. c3 Re3 37. dxc5 dxc5 38. Bd7 b6 39. Bb5 Re6 40. b4 Rd6+ 41. Ke1 c4 42. bxa5 bxa5 43. Rd1 Rxd1+ 44. Kxd1 Be6 45. Ke1 Kg5 46. Kf2 Kh4 47. Kg2 h6 48. Bc6 Bh3+ 49. Kg1 Bf5 50. Bb5 Bc2 51. Bd7 Kg5 52. Kf2 Kf6 53. e4 g5 54. h3 Ke5 55. Ke1 h5 56. Kd2 Bd3 57. Bc8 Bf1 58. Ke1 Bd3 59. Kd2 Kf6 60. Bd7 Ke5 1/2-1/2

[Event "BL2-Nord 1011"]
[Site "Germany"]
[Date "2010.11.14"]
[Round "3.2"]
[White "Scheerer, Christoph"]
[Black "Van Delft, Merijn"]
[Result "0-1"]
[WhiteElo "2422"]
[BlackElo "2384"]
[PlyCount "88"]
[EventDate "2010.10.10"]
[EventType "team-tourn"]
[EventRounds "9"]
[EventCountry "GER"]
[SourceTitle "EXT 2012"]
[Source "ChessBase"]
[SourceDate "2011.11.24"]
[SourceVersion "1"]
[SourceVersionDate "2011.11.24"]
[SourceQuality "1"]
[WhiteTeam "Luebeck"]
[BlackTeam "Hamburger SK II"]
[WhiteTeamCountry "GER"]
[BlackTeamCountry "GER"]

1. c4 c6 2. Nf3 d5 3. b3 Bf5 4. g3 h6 5. Bg2 e6 6. Bb2 Nf6 7. 0-0 Be7 8. d3 0-0 9. Nbd2 Bh7 10. Rc1 Nbd7 11. Re1 a5 12. a3 Re8 13. Rc2 Bc5 14. Qc1 Qb6 15. d4 Bf8 16. Rc3 c5 17. e3 Rad8 18. Bf1 Ne4 19. Nxe4 dxe4 20. Ne5 cxd4 21. exd4 Nxe5 22. dxe5 Bc5 23. Rce3 Rd7 24. Bc3 Bxe3 25. Rxe3 Qxb3 26. Bxa5 Qa4 27. Bb4 Rd1 28. Qb2 Bf5 29. Be1 Qc6 30. h3 Red8 31. g4 Bg6 32. Qb4 Rc1 33. Kh2 Qc7 34. Qb5 Rdd1 35. Ba5 Qc8 36. Bg2 Rxc4 37. Bb4 Rd5 38. Qb6 Rxe5 39. Rb3 Rc6 40. Qa7 Rd5 41. Bf1 Rc1 42. Be2 Rc2 43. Qe3 Qc7+ 44. Kg2 f5 0-1

[Event "BL2-Nord 1011"]
[Site "Germany"]
[Date "2010.10.24"]
[Round "2.2"]
[White "Meins, Gerlef"]
[Black "Scheerer, Christoph"]
[Result "1-0"]
[WhiteElo "2475"]
[BlackElo "2422"]
[PlyCount "61"]
[EventDate "2010.10.10"]
[EventType "team-tourn"]
[EventRounds "9"]
[EventCountry "GER"]
[SourceTitle "EXT 2012"]
[Source "ChessBase"]
[SourceDate "2011.11.24"]
[SourceVersion "1"]
[SourceVersionDate "2011.11.24"]
[SourceQuality "1"]
[WhiteTeam "Werder Bremen II"]
[BlackTeam "Luebeck"]
[WhiteTeamCountry "GER"]
[BlackTeamCountry "GER"]

1. d4 b6 2. e4 Bb7 3. Bd3 Nf6 4. Qe2 e6 5. Nf3 d5 6. e5 Nfd7 7. 0-0 c5 8. c3 Be7 9. Nbd2 Nc6 10. a3 c4 11. Bc2 b5 12. Ne1 g6 13. g3 a5 14. Ng2 Qb6 15. Nf3 Ba6 16. Bh6 Bf8 17. Qd2 Qd8 18. h4 Bxh6 19. Qxh6 Qe7 20. h5 0-0-0 21. Nf4 Qf8 22. Qxf8 Nxf8 23. Kg2 Kd7 24. Rh1 Rg8 25. Ng5 Ke8 26. hxg6 hxg6 27. Rh6 Bc8 28. Kf3 Ke7 29. Rah1 f6 30. Rh7+ Nxh7 31. Rxh7+ 1-0

[Event "BL2-Nord 1011"]
[Site "Germany"]
[Date "2010.10.10"]
[Round "1.2"]
[White "Scheerer, Christoph"]
[Black "Seils, Joerg"]
[Result "0-1"]
[WhiteElo "2422"]
[BlackElo "2359"]
[PlyCount "190"]
[EventDate "2010.10.10"]
[EventType "team-tourn"]
[EventRounds "9"]
[EventCountry "GER"]
[SourceTitle "EXT 2012"]
[Source "ChessBase"]
[SourceDate "2011.11.24"]
[SourceVersion "1"]
[SourceVersionDate "2011.11.24"]
[SourceQuality "1"]
[WhiteTeam "Luebeck"]
[BlackTeam "Pankow Rotation"]
[WhiteTeamCountry "GER"]
[BlackTeamCountry "GER"]

1. c4 e6 2. Nf3 Nf6 3. g3 d5 4. b3 Be7 5. Bg2 0-0 6. 0-0 c5 7. Bb2 Nc6 8. e3 b6 9. Nc3 Bb7 10. cxd5 exd5 11. d4 Re8 12. Nh4 cxd4 13. exd4 Qd7 14. Re1 Bf8 15. Qd2 Rad8 16. Re3 Rxe3 17. fxe3 Qe6 18. Bf3 Ne4 19. Qe2 Nb4 20. Bg4 Qc6 21. Nxe4 dxe4 22. Ba3 Ba6 23. Qd2 Nd3 24. Bxf8 Rxf8 25. Rf1 g6 26. Ng2 f5 27. Be2 Rc8 28. Rd1 Qc2 29. Bxd3 exd3 30. Ne1 Qxd2 31. Rxd2 Rc3 32. Kf2 Kf7 33. g4 Ke6 34. Kg3 g5 35. Nf3 h6 36. h4 Kf6 37. hxg5+ hxg5 38. Ne1 Ke6 39. Nf3 Kf6 40. Ne1 Bb5 41. a4 Ba6 42. b4 Bc4 43. a5 b5 44. Nf3 Rc2 45. Rd1 Re2 46. gxf5 Kxf5 47. Rd2 Rxe3 48. Kf2 Re2+ 49. Rxe2 dxe2 50. Ke3 g4 51. Nh4+ Ke6 52. Ng2 Kf5 53. Nh4+ Kg5 54. Ng2 Bd5 55. Ne1 Bf3 56. d5 Bxd5 57. Kxe2 Kf4 58. Nd3+ Ke4 59. Nf2+ Kf5 60. Ke3 g3 61. Nh3 Ke5 62. Nf4 Be4 63. Ne2 g2 64. Ng1 Bf5 65. Kf3 Kd5 66. Kxg2 Kc4 67. Ne2 Kxb4 68. Nd4 Be4+ 69. Kf2 Kxa5 70. Ke3 Bh7 71. Kd2 a6 72. Kc3 Kb6 73. Kb2 Kc5 74. Nb3+ Kb4 75. Nd4 Be4 76. Ne2 Kc4 77. Nc3 Bc6 78. Nb1 Bd5 79. Nd2+ Kd3 80. Nb1 b4 81. Na3 a5 82. Nb1 Bc4 83. Na3 Be6 84. Nb1 Bg4 85. Na3 Bd1 86. Nb1 Kd4 87. Kc1 Bg4 88. Kb2 Bf5 89. Nd2 a4 90. Nf3+ Kd3 91. Ne5+ Kd2 92. Nc4+ Ke2 93. Kc1 Bd3 94. Nb2 a3 95. Nd1 Kf3 0-1

[Event "BL2-Nord 0910"]
[Site "Germany"]
[Date "2010.02.28"]
[Round "7.2"]
[White "Van Delft, Merijn"]
[Black "Scheerer, Christoph"]
[Result "0-1"]
[WhiteElo "2374"]
[BlackElo "2416"]
[PlyCount "94"]
[EventDate "2009.10.18"]
[EventType "team-tourn"]
[EventRounds "9"]
[EventCountry "GER"]
[SourceTitle "EXT 2011"]
[Source "ChessBase"]
[SourceDate "2010.11.26"]
[SourceVersion "1"]
[SourceVersionDate "2010.11.26"]
[SourceQuality "1"]
[WhiteTeam "Hamburger SK"]
[BlackTeam "Luebeck"]
[WhiteTeamCountry "GER"]
[BlackTeamCountry "GER"]

1. e4 e5 2. Nf3 Nc6 3. Bb5 Nd4 4. Nxd4 exd4 5. 0-0 c6 6. Bc4 Nf6 7. Re1 d6 8. c3 Ng4 9. h3 Ne5 10. Bf1 d3 11. Re3 g5 12. Bxd3 g4 13. Be2 gxh3 14. g3 Bh6 15. d4 Bxe3 16. Bxe3 Ng6 17. Bd3 h5 18. Kh2 Qe7 19. Nd2 Bg4 20. f3 Bd7 21. Qe2 0-0-0 22. Rg1 Rde8 23. f4 Bg4 24. Qf2 f5 25. e5 Qd7 26. Nc4 dxe5 27. fxe5 Nxe5 28. dxe5 Qxd3 29. Nd6+ Kd7 30. Nxe8 Rxe8 31. Bf4 Ke6 32. Be3 b6 33. Qf4 Rd8 34. Qh6+ Kd5 35. c4+ Qxc4 36. Bf2 Qc2 37. Qe3 c5 38. e6 Re8 39. Re1 Kc6 40. Qf4 Qxb2 41. e7 Qxa2 42. Re5 Kb5 43. Qe3 Rxe7 44. Rxc5+ Ka6 45. Qd3+ Kb7 46. Rc2 Qe6 47. Qa3 Qe4 0-1

[Event "GER CupT"]
[Site "Germany"]
[Date "2010.02.20"]
[Round "1"]
[White "Feuerstack, Aljoscha"]
[Black "Scheerer, Christoph"]
[Result "1/2-1/2"]
[WhiteElo "2382"]
[BlackElo "2416"]
[PlyCount "61"]
[EventDate "2010.02.20"]
[EventType "team-tourn"]
[EventRounds "2"]
[EventCountry "GER"]
[SourceTitle "CBM 135 Extra"]
[Source "ChessBase"]
[SourceDate "2010.05.04"]
[SourceVersion "1"]
[SourceVersionDate "2010.05.04"]
[SourceQuality "1"]

1. e4 e5 2. Bc4 Nc6 3. Nc3 Nf6 4. d3 Na5 5. Qf3 Nxc4 6. dxc4 d6 7. Nge2 Be6 8. b3 Nd7 9. 0-0 g6 10. Ng3 Bg7 11. Nf5 0-0 12. Nxg7 Kxg7 13. Qg3 Nf6 14. c5 Nh5 15. Qe3 b6 16. cxd6 Qxd6 17. Bb2 f6 18. Rad1 Qc6 19. Nd5 Bxd5 20. Rxd5 Nf4 21. Rd2 Rfd8 22. Rfd1 Rxd2 23. Rxd2 Ne6 24. c4 Rd8 25. Rd5 Qe8 26. Qd2 c6 27. Rxd8 Qxd8 28. Qxd8 Nxd8 29. Kf1 Ne6 30. Ke2 g5 31. Bc1 1/2-1/2